000 00496nmm a2200181Ia 4500
008 251105s9999||||xx |||||||||||||||||und||
041 _aspa
100 _aCarrasco, Josema
245 0 _aVersos y flores
264 _a[Madrid, España] :
_bEditorial Saure,
_c2012
300 _a22 páginas
490 _aCiclocirco
650 _aGraphic novels (Comics)
700 _aCarrasco, Josema
700 1 _a Gómez, Joseba
856 _uhttps://public.digitaliapublishing.com/a/60303
942 _cCF
999 _c63618
_d63618